<?xml version='1.0' encoding='UTF-8'?>
  <record xmlns="http://www.loc.gov/MARC21/slim">
    <leader>00000cam a2200000 i 4500</leader>
    <controlfield tag="001">ocm64504336</controlfield>
    <controlfield tag="003">OCoLC</controlfield>
    <controlfield tag="005">20250606092507.8</controlfield>
    <controlfield tag="008">870520s1737    ne a          000 0 dut d</controlfield>
    <datafield tag="040" ind1=" " ind2=" ">
      <subfield code="a">NLGGC</subfield>
      <subfield code="b">dut</subfield>
      <subfield code="e">fobidrtb</subfield>
      <subfield code="c">NLGGC</subfield>
      <subfield code="d">L2U</subfield>
      <subfield code="d">OCLCQ</subfield>
      <subfield code="d">WURST</subfield>
      <subfield code="d">OCLCA</subfield>
      <subfield code="d">OCLCO</subfield>
      <subfield code="d">OCLCL</subfield>
      <subfield code="d">OCLCQ</subfield>
    </datafield>
    <datafield tag="029" ind1="0" ind2=" ">
      <subfield code="a">NLGGC</subfield>
      <subfield code="b">038117991</subfield>
    </datafield>
    <datafield tag="035" ind1=" " ind2=" ">
      <subfield code="a">(OCoLC)64504336</subfield>
    </datafield>
    <datafield tag="084" ind1=" " ind2=" ">
      <subfield code="a">21.74</subfield>
      <subfield code="2">bcl</subfield>
    </datafield>
    <datafield tag="084" ind1=" " ind2=" ">
      <subfield code="a">76.41</subfield>
      <subfield code="2">bcl</subfield>
    </datafield>
    <datafield tag="100" ind1="1" ind2=" ">
      <subfield code="a">Court van der Voort, Pieter de la</subfield>
      <subfield code="q">(Petrus),</subfield>
      <subfield code="d">1664-1739.</subfield>
      <subfield code="1">https://id.oclc.org/worldcat/entity/E39PBJpDJJRkRHdQmcpm3mqfbd</subfield>
    </datafield>
    <datafield tag="245" ind1="1" ind2="0">
      <subfield code="a">Byzondere aenmerkingen over het aenleggen van pragtige en gemeene landhuizen, lusthoven, plantagien en aenklevende cieraeden ... :</subfield>
      <subfield code="b">waer by gevoegt is eene verhandeling aengaende het snoeyen en voortteelen van vrugt- en wilde boomen ... : als mede om onfeilbaar ananas-vrugten, ook citroen-, limoen-, oranje-boomen en andere gewassen van warmer luchtstreek onder onze koude voort te queeken en te vermenigvuldigen: nevens een berigt om de benodigde weer-glazen daer toe te maken. : nog beproefde waerneemingen wegens het voortteelen van aerd- en warmoes-vrugten enz. enz. : alles in den tyd van vyftig jaeren ondervonden, aengetekent, omstandig beschreven en met daer toe benodigende plaeten opgeheldert.</subfield>
    </datafield>
    <datafield tag="260" ind1=" " ind2=" ">
      <subfield code="a">Te Leiden :</subfield>
      <subfield code="b">By Abraham Kallewier, Jan en Herman Verbeek, en Pieter vander Eyk,</subfield>
      <subfield code="c">1737.</subfield>
    </datafield>
    <datafield tag="300" ind1=" " ind2=" ">
      <subfield code="a">XXII, [VII], 412, [14] p. :</subfield>
      <subfield code="b">illustrations ;</subfield>
      <subfield code="c">in-4</subfield>
    </datafield>
    <datafield tag="336" ind1=" " ind2=" ">
      <subfield code="a">tekst</subfield>
      <subfield code="b">txt</subfield>
      <subfield code="2">rdacontent/dut</subfield>
    </datafield>
    <datafield tag="337" ind1=" " ind2=" ">
      <subfield code="a">zonder medium</subfield>
      <subfield code="b">n</subfield>
      <subfield code="2">rdamedia/dut</subfield>
    </datafield>
    <datafield tag="338" ind1=" " ind2=" ">
      <subfield code="a">band</subfield>
      <subfield code="b">nc</subfield>
      <subfield code="2">rdacarrier/dut</subfield>
    </datafield>
    <datafield tag="500" ind1=" " ind2=" ">
      <subfield code="a">*-3* 4 A-3G 4 3H1.</subfield>
    </datafield>
    <datafield tag="500" ind1=" " ind2=" ">
      <subfield code="a">Auteur is Pieter de la Court van der Voort.</subfield>
    </datafield>
    <datafield tag="510" ind1="0" ind2=" ">
      <subfield code="a">Van Doorninck 2, 153</subfield>
    </datafield>
    <datafield tag="530" ind1=" " ind2=" ">
      <subfield code="a">Titel is geselecteerd voor digitalisering voor de Universiteit van Amsterdam in het kader van het Google Books-project.</subfield>
    </datafield>
    <datafield tag="650" ind1=" " ind2="4">
      <subfield code="a">21.74 landscape architecture and garden design.</subfield>
    </datafield>
    <datafield tag="650" ind1=" " ind2="4">
      <subfield code="a">76.41 gardening.</subfield>
    </datafield>
    <datafield tag="650" ind1=" " ind2="7">
      <subfield code="a">21.74 landscape architecture and garden design.</subfield>
      <subfield code="0">(NL-LeOCL)077595327</subfield>
      <subfield code="2">bcl</subfield>
    </datafield>
    <datafield tag="650" ind1=" " ind2="7">
      <subfield code="a">76.41 gardening.</subfield>
      <subfield code="0">(NL-LeOCL)077611535</subfield>
      <subfield code="2">bcl</subfield>
    </datafield>
    <datafield tag="650" ind1="1" ind2="7">
      <subfield code="a">Tuinen.</subfield>
      <subfield code="2">gtt</subfield>
      <subfield code="0">(NL-LeOCL)078695546</subfield>
    </datafield>
    <datafield tag="650" ind1="1" ind2="7">
      <subfield code="a">Tuinieren.</subfield>
      <subfield code="2">gtt</subfield>
      <subfield code="0">(NL-LeOCL)09599212X</subfield>
    </datafield>
    <datafield tag="653" ind1="0" ind2="0">
      <subfield code="a">tuinen</subfield>
    </datafield>
    <datafield tag="653" ind1="0" ind2="0">
      <subfield code="a">gardens</subfield>
    </datafield>
    <datafield tag="653" ind1="0" ind2="0">
      <subfield code="a">ontwerp</subfield>
    </datafield>
    <datafield tag="653" ind1="0" ind2="0">
      <subfield code="a">design</subfield>
    </datafield>
    <datafield tag="653" ind1="0" ind2="0">
      <subfield code="a">architectuur</subfield>
    </datafield>
    <datafield tag="653" ind1="0" ind2="0">
      <subfield code="a">architecture</subfield>
    </datafield>
    <datafield tag="653" ind1="0" ind2="0">
      <subfield code="a">structuren</subfield>
    </datafield>
    <datafield tag="653" ind1="0" ind2="0">
      <subfield code="a">structures</subfield>
    </datafield>
    <datafield tag="653" ind1="0" ind2="0">
      <subfield code="a">tuinbouw</subfield>
    </datafield>
    <datafield tag="653" ind1="0" ind2="0">
      <subfield code="a">horticulture</subfield>
    </datafield>
    <datafield tag="653" ind1="1" ind2="0">
      <subfield code="a">Horticulture</subfield>
    </datafield>
    <datafield tag="653" ind1="1" ind2="0">
      <subfield code="a">Tuinbouw</subfield>
    </datafield>
    <datafield tag="655" ind1=" " ind2="7">
      <subfield code="a">Handboeken (vorm)</subfield>
      <subfield code="2">gtt</subfield>
      <subfield code="0">(NL-LeOCL)088143252</subfield>
    </datafield>
    <datafield tag="710" ind1="0" ind2=" ">
      <subfield code="a">Kallewier, Abraham (I, Leiden)</subfield>
      <subfield code="4">prt</subfield>
      <subfield code="0">(NL-LeOCL)109942175</subfield>
    </datafield>
    <datafield tag="710" ind1="0" ind2=" ">
      <subfield code="a">Verbeek, Johannes (Leiden)</subfield>
      <subfield code="4">prt</subfield>
      <subfield code="0">(NL-LeOCL)07715164X</subfield>
    </datafield>
    <datafield tag="710" ind1="0" ind2=" ">
      <subfield code="a">Verbeek, Hermanus (Leiden)</subfield>
      <subfield code="4">prt</subfield>
      <subfield code="0">(NL-LeOCL)077151658</subfield>
    </datafield>
    <datafield tag="710" ind1="0" ind2=" ">
      <subfield code="a">Eyk, Pieter van der (Leiden)</subfield>
      <subfield code="4">prt</subfield>
      <subfield code="0">(NL-LeOCL)077172310</subfield>
    </datafield>
    <datafield tag="776" ind1="0" ind2=" ">
      <subfield code="t">Byzondere aenmerkingen over het aenleggen van pragtige en gemeene landhuizen, lusthoven, plantagien en aenklevende cieraeden ... Waer by gevoegt is eene verhandeling aengaende het snoeyen en voortteelen van vrugt- en wilde boomen ... Als mede om onfeilbaar ananas-vrugten, ook citroen-, limoen-, oranje-boomen en andere gewassen van warmer luchtstreek onder onze koude voort te queeken en te vermenigvuldigen, nevens een berigt om de benodigde weer-glazen daer toe te maken. Nog beproefde waerneemingen wegens het voortteelen van aerd- en warmoes-vrugten enz. enz.</subfield>
      <subfield code="w">(NL-LeOCL)396614981</subfield>
    </datafield>
    <datafield tag="776" ind1="0" ind2=" ">
      <subfield code="t">Byzondere aenmerkingen over het aenleggen van pragtige en gemeene landhuizen, lusthoven, plantagien en aenklevende cieraeden ...</subfield>
      <subfield code="w">(NL-LeOCL)401716511</subfield>
    </datafield>
    <datafield tag="936" ind1=" " ind2=" ">
      <subfield code="a">BATCHLOAD</subfield>
    </datafield>
  </record>